Illicit Financial Flows <the> Economy of Illicit Trade in West Africa

Salvato in:
Dettagli Bibliografici
Natura: Libro
Lingua:inglese
Pubblicazione: Paris OECD 2018
Soggetti:
Tags: Aggiungi Tag
Nessun Tag, puoi essere il primo ad aggiungerne!!

MARC

LEADER 00000nam a2200000 4500
001 0243022
005 20221220065605.2
020 |a 978-92-64-24520-4 
041 0 |a eng 
044 |a FR 
245 1 0 |a Illicit Financial Flows  |b <the> Economy of Illicit Trade in West Africa 
264 1 |a Paris  |b OECD  |c 2018 
300 |a 136 s. 
610 2 0 |a situácia hospodárska 
610 2 0 |a financie 
610 2 0 |a financovanie 
610 2 0 |a obchod nezákonný 
610 2 0 |a kriminalita finančná 
610 2 0 |a demokracia 
610 2 0 |a bezpečnosť 
610 2 0 |a spolupráca regionálna 
610 2 0 |a spolupráca medzinárodná 
610 2 0 |a Afrika